000 00286nam a22001337a 4500
008 170424b xxu||||| |||| 00| 0 eng d
020 _a9780618624348
041 _aeng
080 _2 6 ED
_a54
100 _a12
101 _aSHM
245 _aCHEMISTRY
_cZUMDAHL.S.S
942 _2udc
_cBK
999 _c11722
_d11722